Beyond stereotypes: a multistage model of managerial perceptions of red tape (Record no. 67936)

000 -LEADER
fixed length control field 00477pab a2200181 454500
008 - FIXED-LENGTH DATA ELEMENTS--GENERAL INFORMATION
fixed length control field 180718b2005 xxu||||| |||| 00| 0 eng d
100 ## - MAIN ENTRY--PERSONAL NAME
Personal name Pandey, Sanjay K.
245 ## - TITLE STATEMENT
Title Beyond stereotypes: a multistage model of managerial perceptions of red tape
260 ## - PUBLICATION, DISTRIBUTION, ETC.
Date of publication, distribution, etc. 2005
300 ## - PHYSICAL DESCRIPTION
Extent p.542-75.
362 ## - DATES OF PUBLICATION AND/OR SEQUENTIAL DESIGNATION
Dates of publication and/or sequential designation Nov
650 ## - SUBJECT ADDED ENTRY--TOPICAL TERM
Topical term or geographic name entry element Managers
650 ## - SUBJECT ADDED ENTRY--TOPICAL TERM
Topical term or geographic name entry element Bureaucracy
650 ## - SUBJECT ADDED ENTRY--TOPICAL TERM
Topical term or geographic name entry element Management
700 ## - ADDED ENTRY--PERSONAL NAME
Personal name Welch, Eric W.
773 ## - HOST ITEM ENTRY
Main entry heading Administration and Society
909 ## -
-- 67936
Holdings
Withdrawn status Lost status Damaged status Not for loan Permanent Location Current Location Date acquired Serial Enumeration / chronology Barcode Date last seen Price effective from Koha item type
        Indian Institute of Public Administration Indian Institute of Public Administration 2018-07-19 Volume no: 37, Issue no: 5 AR68392 2018-07-19 2018-07-19 Articles

Powered by Koha